NLSUI OPAC header image

Self-determination, statehood, and the law of negotiation : (Record no. 113421)

MARC details
000 -LEADER
fixed length control field 01927cam a2200373 i 4500
001 - CONTROL NUMBER
control field 18787178
003 - CONTROL NUMBER IDENTIFIER
control field OSt
005 - DATE AND TIME OF LATEST TRANSACTION
control field 20190411172753.0
008 - FIXED-LENGTH DATA ELEMENTS--GENERAL INFORMATION
fixed length control field 150917s2016 enka b 001 0 eng
010 ## - LIBRARY OF CONGRESS CONTROL NUMBER
LC control number 2015036601
020 ## - INTERNATIONAL STANDARD BOOK NUMBER
International Standard Book Number 9781849468121
040 ## - CATALOGING SOURCE
Original cataloging agency DLC
Language of cataloging eng
Transcribing agency DLC
Description conventions rda
Modifying agency DLC
042 ## - AUTHENTICATION CODE
Authentication code pcc
043 ## - GEOGRAPHIC AREA CODE
Geographic area code a-is---
050 00 - LIBRARY OF CONGRESS CALL NUMBER
Classification number KZ4282
Item number .B368 2016
082 00 - DEWEY DECIMAL CLASSIFICATION NUMBER
Classification number 341.26
Edition number 23
100 1# - MAIN ENTRY--PERSONAL NAME
Personal name Barnidge, Robert P.,
Titles and words associated with a name Jr.
Relator term author.
245 10 - TITLE STATEMENT
Title Self-determination, statehood, and the law of negotiation :
Remainder of title the case of Palestine /
Statement of responsibility, etc. Robert P Barnidge, Jr.
264 #1 - PRODUCTION, PUBLICATION, DISTRIBUTION, MANUFACTURE, AND COPYRIGHT NOTICE
Place of production, publication, distribution, manufacture Oxford ;
-- Portland, Oregon :
Name of producer, publisher, distributor, manufacturer Hart Publishing,
Date of production, publication, distribution, manufacture, or copyright notice 2016.
300 ## - PHYSICAL DESCRIPTION
Extent xviii, 238 pages :
Other physical details illustrations ;
Dimensions 24 cm
336 ## - CONTENT TYPE
Content type term text
Source rdacontent
337 ## - MEDIA TYPE
Media type term unmediated
Source rdamedia
338 ## - CARRIER TYPE
Carrier type term volume
Source rdacarrier
504 ## - BIBLIOGRAPHY, ETC. NOTE
Bibliography, etc. note Includes bibliographical references (pages 197-229) and index.
505 0# - FORMATTED CONTENTS NOTE
Formatted contents note The evolution of Palestinian Arab proto-self-determination and "peoplehood" during the mandate for Palestine -- From disparate means of dispute settlement to the introduction of a negotiation imperative : 1948-1973 -- The emergence of Palestinian international legal personality and the bilateral negotiation imperative: 1973 to Oslo -- The international law of negotiation as a means of dispute settlement -- The international law of negotiation and Palestinian applications for admission to the United Nations : sword or shield?
650 #0 - SUBJECT ADDED ENTRY--TOPICAL TERM
Topical term or geographic name entry element Self-determination, National
Geographic subdivision Palestine.
650 #0 - SUBJECT ADDED ENTRY--TOPICAL TERM
Topical term or geographic name entry element Mediation, International.
650 #0 - SUBJECT ADDED ENTRY--TOPICAL TERM
Topical term or geographic name entry element Arab-Israeli conflict
General subdivision History.
651 #0 - SUBJECT ADDED ENTRY--GEOGRAPHIC NAME
Geographic name Palestine
General subdivision International status.
856 ## - ELECTRONIC LOCATION AND ACCESS
Uniform Resource Identifier <a href="https://www.bloomsburycollections.com/book/self-determination-statehood-and-the-law-of-negotiation-the-case-of-palestine/">https://www.bloomsburycollections.com/book/self-determination-statehood-and-the-law-of-negotiation-the-case-of-palestine/</a>
906 ## - LOCAL DATA ELEMENT F, LDF (RLIN)
a 7
b cbc
c orignew
d 1
e ecip
f 20
g y-gencatlg
942 ## - ADDED ENTRY ELEMENTS (KOHA)
Source of classification or shelving scheme Dewey Decimal Classification
Koha item type E-Books - Cambridge, Bloomsbury, Oxford Handbooks & West Academic
Holdings
Withdrawn status Lost status Source of classification or shelving scheme Damaged status Not for loan Home library Current library Shelving location Date acquired Source of acquisition Total Checkouts Full call number Barcode Date last seen Price effective from Koha item type
    Dewey Decimal Classification     NLS NLS   11/04/2019 Purchased   341.26 EBK-349 11/04/2019 11/04/2019 E-Books - Cambridge, Bloomsbury, Oxford Handbooks & West Academic